| 000 | 00606nam a2200229Ia 4500 | ||
|---|---|---|---|
| 003 | OSt | ||
| 005 | 20220918111518.0 | ||
| 006 | a|||||r|||| 00| 0 | ||
| 007 | cj aa aaaaa | ||
| 008 | 220917b |||||||| |||| 00| 0 eng d | ||
| 024 | _a71240 | ||
| 037 | _cDigitized Books | ||
| 040 |
_aARTS _cARTS _beng |
||
| 041 |
_2eng _aeng |
||
| 082 | _a"R3xK85x, H8.9" | ||
| 100 |
_aBerkeley George _910596 |
||
| 245 | 0 | _aWorks ed by A A Luce and T E Jessop | |
| 260 | _c1948 | ||
| 300 |
_ap. _ccm. |
||
| 942 |
_h"R3xK85x, H8.9" _cEBOOK _2CC |
||
| 999 |
_c116656 _d116656 |
||